000 00748nam a2200253Ia 4500
003 OSt
005 20221006141642.0
006 a|||||r|||| 00| 0
007 ta
008 221006b |||||||| |||| 00| 0 eng d
024 _a3,707
037 _bGift, Japan Foundation
_cTextual
040 _aEASL
_cEASL
_beng
041 _2eng
_aeng
082 _aX:8.42, N7
100 _aINSTITUTE OF BUSINESS RESEARCH
_9645971
245 0 _aGlobal studies in management
_b A Japanese perspective
260 _aTokyo
_bDaito Bunka University Japan
_c1997
300 _a334p.
_ccm.
490 _v JEL
650 _aJEL
942 _hX:8.42, N7
_cTEXL
_2CC
999 _c1071793
_d1071793